Fixed income analytics (Record no. 92218)

MARC details
000 -LEADER
fixed length control field 00875nam a22002415i 4500
005 - DATE AND TIME OF LATEST TRANSACTION
control field 20190708141914.0
008 - FIXED-LENGTH DATA ELEMENTS--GENERAL INFORMATION
fixed length control field 170810s2017 nyu 000 0 eng
020 ## - INTERNATIONAL STANDARD BOOK NUMBER
International Standard Book Number 9783319485409
080 ## - UNIVERSAL DECIMAL CLASSIFICATION NUMBER
Universal Decimal Classification number 336.763.3
Item number MAR
100 ## - MAIN ENTRY--PERSONAL NAME
Personal name Marty, Wolfgang
245 00 - TITLE STATEMENT
Title Fixed income analytics
Remainder of title bonds in high and low interest rate environments
Statement of responsibility, etc Wolfgang Marty.
260 ## - PUBLICATION, DISTRIBUTION, ETC. (IMPRINT)
Place of publication, distribution, etc Switzerland
Name of publisher, distributor, etc Springer
Date of publication, distribution, etc 2017
300 ## - PHYSICAL DESCRIPTION
Extent xvii, 204 p.
653 ## - INDEX TERM--UNCONTROLLED
Uncontrolled term Fixed Income
-- Economics
653 ## - INDEX TERM--UNCONTROLLED
Uncontrolled term Business
942 ## - ADDED ENTRY ELEMENTS (KOHA)
item type Books
Holdings
Lost status Source of classification or shelving scheme Not for loan Home library Current library Date acquired Cost, normal purchase price Total Checkouts Full call number Barcode Date last seen Cost, replacement price Price effective from Koha item type
  Universal Decimal Classification   University Library University Library 12/03/2018 0.00   336.763.3 MAR 00081288 12/03/2018 0.00 12/03/2018 Books
University Library, CUSAT